000 01584nam a2200313Ia 4500
001 107338
003 DR-UNIBE
005 20260318062558.0
008 00002012020 dr spa 0000000000spa00
020 _a9789945613537.
040 _aBIBLIOTECA UNIBE
_cBIBLIOTECA UNIBE
_bspa
_erda
041 _aspa
082 0 _aRD 868.42 D542de
100 0 _a Vigil Díaz,
_q(Vigil Díaz, Otilio Andrés Marcelino Celestino),
_d1880-1961
_eautor
_9113570
245 1 4 _aDel Sena al Ozama y Fata Morganas /
_cVigil Díaz ; edición: Andrés Blanco Díaz ; diagramación y portada: Editorial Santuario ; tarjeta de portada: Lucas Trías Castañer
250 _aPrimera edición
260 4 _aSanto Domingo :
_bArchivo General de la Nación (AGN),
_c2020
300 4 _a356 páginas :
_bfoto en b/n ;
_c22 x 15 cm
490 _aArchivo General de la Nación ;
_v386
500 _aInformación del autor en las solapas. Portada: fotografía vista parcial de la ciudad de Santo Domingo desde el Placer de los Estudios, tarjeta postal por Lucas Trías Castañer
505 4 _aPresentación | Primera parte. A orillas del Sena | Segunda parte. A orillas del Ozama | Fata morganas | Índice onomástico
650 7 _2lemb
_aEnsayos dominicanos
_9184920
650 7 _2lemb
_aLiteratura dominicana
_9113420
700 1 0 _aBlanco Díaz, Andrés,
_d1954-
_eeditor
_9144547
700 1 0 _aTrías Castañer, Lucas
_etarjeta postal de portada
_9194309
710 1 0 _aEditorial Santuario
_9165984
_ediagramador
_ediseñador de portada
942 _cBK
_2ddc
951 _a20061022 10:18:00
999 _c107338
_d107338